| 000 | 01604nam a22003857a 4500 | ||
|---|---|---|---|
| 003 | CHAP | ||
| 005 | 20220329135350.0 | ||
| 008 | 971013s1975 r 00010 d | ||
| 010 | _a35127 | ||
| 011 | _a36099 | ||
| 035 | _a40218 | ||
| 040 | _cCHAP | ||
| 082 |
_a628.13 _bM48 |
||
| 110 |
_aMéxico. Plan Nacional de Obras de Riego para el Desarrollo Rural _977083 |
||
| 245 | _aPequeños almacenamientos | ||
| 260 |
_a(México, D.F.) : _b(s.e.), _c1975 |
||
| 300 |
_a353 p. _b: ilus. ; gráfs. ; mapas |
||
| 590 |
_aBATCH-UPD _b10 _c20130110 _lUCH01 _h1223 |
||
| 590 |
_aBATCH-UPD _b10 _c20130410 _lUCH01 _h0757 |
||
| 590 |
_aBATCH-UPD _b10 _c20130914 _lUCH01 _h0309 |
||
| 590 |
_aCONVERSION _b10 _c20130109 _lUCH01 _h1320 |
||
| 650 | 1 | 4 |
_aAgua _xAlmacenamiento. _92279 |
| 650 | 1 | 4 |
_aPresas _xMéxico. _991493 |
| 901 | _aBK | ||
| 942 | _cLIBRO | ||
| 949 |
_a628.13 M48 _bBC _cLIBRO _d33724000024832 _eLIBRO _h34951 _i40218 _mD _si |
||
| 949 |
_a628.13 M48 _bBC _cLIBRO _d33724000024840 _eLIBRO _fc.2 _h34952 _i40218 _mD. _si |
||
| 949 |
_a628.13 M48 _bBC _cLIBRO _d33724000024857 _eLIBRO _fc.3 _h34953 _i40218 _si |
||
| 949 |
_a628.13 M48 _bBC _cLIBRO _d33724000024865 _eLIBRO _fc.4 _h34954 _i40218 _mD _si |
||
| 949 |
_a628.13 M48 _bBC _cLIBRO _d33724000024873 _eLIBRO _fc.5 _h34955 _i40218 _mD _si |
||
| 949 |
_a628.13 M48 _bBC _cLIBRO _d33724000024881 _eLIBRO _fc.6 _h34956 _i40218 _mD _si |
||
| 949 |
_a628.13 M48 _bBC _cLIBRO _d33724000024899 _eLIBRO _fc.7 _h34957 _i40218 _mD _si |
||
| 949 |
_a628.13 M48 _bBC _cLIBRO _d33724000024907 _eLIBRO _fc.8 _h35906 _i40218 _mD _si |
||
| 949 |
_a628.13 M48 _bBC _cLIBRO _d33724000024915 _eLIBRO _fc.9 _h35907 _i40218 _mD _si |
||
| 999 |
_c35127 _d35127 |
||